Missione salute Vivere meglio e crescere bene
Salvato in:
| Enti autori: | , |
|---|---|
| Natura: | Libro |
| Lingua: | inglese |
| Pubblicazione: |
Roma
Ministero della Salute
|
| Tags: |
Nessun Tag, puoi essere il primo ad aggiungerne!!
|
MARC
| LEADER | 00000nam a2200000 4500 | ||
|---|---|---|---|
| 005 | 20240522170818.0 | ||
| 008 | 240522b |||||||| |||| 00| 0 eng d | ||
| 040 | |c GP | ||
| 110 | |a Ministero della Salute | ||
| 245 | |a Missione salute |b Vivere meglio e crescere bene | ||
| 260 | |a Roma |b Ministero della Salute | ||
| 710 | |a Ministero dell'Istruzione, dell'Università e della Ricerca | ||
| 942 | |2 ddc |c BK |n 0 | ||
| 952 | |0 0 |1 0 |2 ddc |4 0 |6 614_050000000000000_MIN |7 1 |9 1306 |a RM |b RM |d 2024-05-22 |l 0 |o 614.05 MIN |p 80 |r 2024-05-22 17:08:36 |w 2024-05-22 |y BK | ||
| 999 | |c 1207 |d 1207 | ||